NHL Top 5 Vezina Trophy Voting Since 2000 - Statistics

General Stats
  • This quiz has been taken 42 times
  • The average score is 89 of 127
Answer Stats
Year Team Player % Correct
2025: 1 Jets Connor Hellebuyck
100%
2024: 1 Jets Connor Hellebuyck
100%
2023: 3 Jets Connor Hellebuyck
100%
2021: 4 Jets Connor Hellebuyck
100%
2020: 1 Jets Connor Hellebuyck
100%
2018: 2 Jets Connor Hellebuyck
100%
2024: 3 Panthers Sergei Bobrovsky
100%
2017: 1 Blue Jackets Sergei Bobrovsky
100%
2013: 1 Blue Jackets Sergei Bobrovsky
100%
2024: 4 Rangers Igor Shesterkin
97%
2022: 1 Rangers Igor Shesterkin
97%
2025: 2 Lightning Andrei Vasilevskiy
93%
2022: 5 Lightning Andrei Vasilevskiy
93%
2021: 2 Lightning Andrei Vasilevskiy
93%
2020: 3 Lightning Andrei Vasilevskiy
93%
2019: 1 Lightning Andrei Vasilevskiy
93%
2018: 3 Lightning Andrei Vasilevskiy
93%
2017: 3 Canadiens Carey Price
93%
2015: 1 Canadiens Carey Price
93%
2014: 4 Canadiens Carey Price
93%
2011: 5 Canadiens Carey Price
93%
2015: 5 Rangers Henrik Lundqvist
87%
2013: 2 Rangers Henrik Lundqvist
87%
2012: 1 Rangers Henrik Lundqvist
87%
2011: 4 Rangers Henrik Lundqvist
87%
2008: 3 Rangers Henrik Lundqvist
87%
2007: 3 Rangers Henrik Lundqvist
87%
2006: 3 Rangers Henrik Lundqvist
87%
2023: 5 Stars Jake Oettinger
87%
2016: 3 Kings Jonathan Quick
87%
2014: 5 Kings Jonathan Quick
87%
2012: 2 Kings Jonathan Quick
87%
2021: 1 Golden Knights Marc-André Fleury
87%
2019: 4 Golden Knights Marc-André Fleury
87%
2018: 5 Golden Knights Marc-André Fleury
87%
2010: 3 Devils Martin Brodeur
87%
2008: 1 Devils Martin Brodeur
87%
2007: 1 Devils Martin Brodeur
87%
2006: 2 Devils Martin Brodeur
87%
2004: 1 Devils Martin Brodeur
87%
2003: 1 Devils Martin Brodeur
87%
2002: 5 Devils Martin Brodeur
87%
2001: 3 Devils Martin Brodeur
87%
2000: 5 Devils Martin Brodeur
87%
2020: 2 Bruins Tuukka Rask
87%
2014: 1 Bruins Tuukka Rask
87%
2013: 5 Bruins Tuukka Rask
87%
2024: 5 Predators Juuse Saros
83%
2023: 4 Predators Juuse Saros
83%
2022: 3 Predators Juuse Saros
83%
2018: 1 Predators Pekka Rinne
83%
2015: 2 Predators Pekka Rinne
83%
2012: 3 Predators Pekka Rinne
83%
2011: 2 Predators Pekka Rinne
83%
2024: 2 Canucks Thatcher Demko
83%
2011: 1 Bruins Tim Thomas
83%
2009: 1 Bruins Tim Thomas
83%
2025: 3 Kings Darcy Kuemper
80%
2019: 5 Coyotes Darcy Kuemper
80%
2007: 5 Red Wings Dominik Hašek
80%
2001: 1 Sabres Dominik Hašek
80%
2023: 2 Islanders Ilya Sorokin
80%
2023: 1 Bruins Linus Ullmark
80%
2025: 5 Maple Leafs Anthony Stolarz
77%
2017: 2 Capitals Braden Holtby
77%
2016: 1 Capitals Braden Holtby
77%
2015: 4 Capitals Braden Holtby
77%
2016: 4 Panthers Roberto Luongo
77%
2011: 3 Canucks Roberto Luongo
77%
2009: 4 Canucks Roberto Luongo
77%
2007: 2 Canucks Roberto Luongo
77%
2004: 3 Panthers Roberto Luongo
77%
2003: 4 Avalanche Patrick Roy
73%
2002: 2 Avalanche Patrick Roy
73%
2001: 5 Avalanche Patrick Roy
73%
2019: 5 Blues Jordan Binnington
70%
2025: 4 Capitals Logan Thompson
70%
2010: 1 Sabres Ryan Miller
70%
2019: 2 Islanders Ben Bishop
67%
2016: 2 Lightniing Ben Bishop
67%
2014: 3 Lightniing Ben Bishop
67%
2016: 5 Blackhawks Corey Crawford
67%
2021: 5 Islanders Semyon Varlamov
67%
2014: 2 Avalanche Semyon Varlamov
67%
2022: 4 Hurricanes Frederik Andersen
63%
2018: 4 Maple Leafs Frederik Andersen
63%
2008: 5 Flames Miikka Kiprusoff
63%
2007: 4 Flames Miikka Kiprusoff
63%
2006: 1 Flames Miikka Kiprusoff
63%
2004: 2 Flames Miikka Kiprusoff
63%
2003: 3 Maple Leafs Ed Belfour
60%
2000: 4 Stars Ed Belfour
60%
2010: 4 Sharks Evgeni Nabokov
57%
2009: 5 Sharks Evgeni Nabokov
57%
2008: 2 Sharks Evgeni Nabokov
57%
2002: 4 Sharks Evgeni Nabokov
57%
2001: 4 Sharks Evgeni Nabokov
57%
2008: 4 Ducks Jean-Sébastien Giguère
53%
2002: 1 Canadiens José Théodore
53%
2013: 4 Senators Craig Anderson
50%
2010: 5 Avalanche Craig Anderson
50%
2009: 3 Wild Niklas Bäckström
50%
2017: 4 Oilers Cam Talbot
47%
2012: 4 Coyotes Mike Smith
47%
2010: 2 Coyotes Ilya Bryzgalov
43%
2000: 1 Capitals Olaf Kölzig
43%
2021: 3 Avalanche Philipp Grubauer
43%
2013: 3 Sharks Antti Niemi
40%
2000: 3 Maple Leafs Curtis Joseph
40%
2017: 5 Wild Devan Dubnyk
37%
2015: 3 Coyotes/Wild Devan Dubnyk
37%
2020: 5 Blue Jackets Elvis Merzļikins
37%
2022: 2 Islanders Jacob Markström
37%
2020: 4 Canucks Jacob Markström
37%
2009: 2 Blue Jackets Steve Mason
33%
2012: 5 Blues Brian Elliott
27%
2006: 5 Stars Marty Turco
27%
2004: 4 Stars Marty Turco
27%
2003: 2 Stars Marty Turco
27%
2019: 3 Blue Jackets Robin Lehner
27%
2003: 5 Senators Patrick Lalime
17%
2006: 4 Predators Tomáš Vokoun
13%
2004: 5 Bruins Roman Čechmánek
10%
2001: 2 Flyers Roman Čechmánek
10%
2000: 2 Blues Roman Turek
10%
2002: 3 Coyotes Sean Burke
10%
2006: 5 Red Wings Manny Legace
3%
No matching quizzes found
Score Distribution
Percent of People with Each Score
Percentile by Number Answered
Your Score History
You have not taken this quiz